Porovnanie chudoby na Slovensku s krajinami EÚ

Salvato in:
Dettagli Bibliografici
Autore principale: Pažitná, Mária
Natura: Capitolo di libro
Lingua:slovacco
Tags: Aggiungi Tag
Nessun Tag, puoi essere il primo ad aggiungerne!!

MARC

LEADER 00000nla$a2200000$$$4500
001 0062615
005 20240502071716.8
041 0 |a slo 
044 |a SK 
245 1 0 |a Porovnanie chudoby na Slovensku s krajinami EÚ  |c Mária Pažitná 
100 1 |a Pažitná, Mária